Loading...
| Current Events | 3 | 13.33 | 100% | 33% | 0% |
| Fine Arts - Classical Music | 6 | 16.67 | 100% | 67% | 0% |
| Fine Arts - Other | 7 | 24.29 | 100% | 86% | 57% |
| Fine Arts - Painting and Sculpture | 8 | 22.50 | 100% | 88% | 38% |
| Geography | 1 | 20.00 | 100% | 0% | 100% |
| History - American | 2 | 15.00 | 100% | 50% | 0% |
| History - European | 6 | 16.67 | 100% | 67% | 0% |
| History - Other | 6 | 15.00 | 83% | 50% | 17% |
| History - World | 4 | 15.00 | 75% | 75% | 0% |
| Literature - American | 7 | 24.29 | 86% | 100% | 57% |
| Literature - British | 5 | 18.00 | 100% | 80% | 0% |
| Literature - European | 4 | 17.50 | 75% | 75% | 25% |
| Literature - World | 4 | 15.00 | 100% | 50% | 0% |
| Mythology | 6 | 18.33 | 100% | 67% | 17% |
| Other Academic | 1 | 10.00 | 100% | 0% | 0% |
| Philosophy | 6 | 18.33 | 100% | 67% | 17% |
| Pop Culture | 3 | 23.33 | 100% | 100% | 33% |
| Religion | 8 | 16.25 | 100% | 50% | 13% |
| Science - Biology | 3 | 10.00 | 100% | 0% | 0% |
| Science - Chemistry | 5 | 18.00 | 100% | 80% | 0% |
| Science - Other | 5 | 12.00 | 100% | 20% | 0% |
| Science - Physics | 9 | 14.44 | 89% | 56% | 0% |
| Social Science | 7 | 12.86 | 86% | 43% | 0% |